000 00669nam a22002057a 4500
003 0
005 20240816154725.0
008 240816b xxu||||| |||| 00| 0 eng d
020 _a978-1-032-16379-6
050 _aHC 79
_b.Aw93 2022
100 _aAwart, G.K.
245 _aEthics in information technology :
_ba practical guide
_cG.K. Awari and Sarvesh V. Warjurkar
250 _aFirst edition
260 _aOxon
_bCRC Press
_c2022
300 _axxii, 214 pages ;
_c23cm.
504 _aIncludes bibliographical references, index, and glossary.
650 _aInformation technology--moral and ethical aspects.
650 _aBusiness ethics.
942 _2lcc
_cBK
999 _c366109
_d366109